| 000 | 00410 a2200121 4500 | ||
|---|---|---|---|
| 001 | ART_42346 | ||
| 005 | 20260410161827.0 | ||
| 008 | 260409a | ||
| 245 | 1 | 0 | _aEquivalencias entre gastos de susbsistencia para hogares tipo de la Ciudad Autónoma de Buenos Aires |
| 100 | 1 | _aEcheverría, Lucía | |
| 700 | 1 | _aBerges, Miriam | |
| 773 | 0 |
_tFACES _g- Año 21, Nº 44 (ene./jun. 2015) _wREV5046 |
|
| 999 |
_c22869 _d22869 |
||